| Tag |
First Indicator |
Second Indicator |
Subfields |
| LEADER |
00000cam a2200000 4500 |
| 001 |
in00000067511 |
| 005 |
20151007083738.0 |
| 008 |
720306s1936 dcu 00000 eng |
| 010 |
|
|
|a 36019532
|
| 035 |
|
|
|a (OCoLC)00255805
|
| 035 |
|
|
|9 AAF9816AM
|
| 040 |
|
|
|a DLC
|c WSU
|d TXA
|d UtOrBLW
|
| 049 |
|
|
|a TXAM
|c 1 [67025]
|
| 050 |
|
0 |
|a HN17
|b .M66
|
| 092 |
|
|
|a 301
|b M848L
|
| 100 |
1 |
|
|a Morgan, Arthur E.
|q (Arthur Ernest),
|d 1878-1975.
|
| 245 |
1 |
4 |
|a The long road. /
|c by Arthur E. Morgan ... foreword by Dorothy Canfield Fisher.
|
| 264 |
|
1 |
|a Washington, D.C. :
|b National home library foundation,
|c 1936.
|
| 300 |
|
|
|a 144 pages
|
| 336 |
|
|
|a text
|b txt
|2 rdacontent
|
| 337 |
|
|
|a unmediated
|b n
|2 rdamedia
|
| 338 |
|
|
|a volume
|b nc
|2 rdacarrier
|
| 490 |
1 |
|
|a National home library
|
| 650 |
|
0 |
|a Social problems.
|
| 650 |
|
0 |
|a Character.
|
| 710 |
2 |
|
|a Chicago Theological Seminary.
|b Alden-Tuthill Foundation.
|
| 830 |
|
0 |
|a National home library.
|
| 999 |
|
|
|a MARS
|
| 999 |
f |
f |
|s c6cde21e-51e0-370c-a901-b10b01258058
|i 156c1531-eda5-3c0c-b57f-5296d93df0d7
|t 0
|
| 952 |
f |
f |
|p ric
|a Texas A&M University
|b Rellis Campus
|c Joint Library Facility
|d Remote Storage
|t 0
|e HN17 .M66
|h Library of Congress classification
|i unmediated -- volume
|m A14800633525
|
| 998 |
f |
f |
|a HN17 .M66
|t 0
|l Remote Storage
|